<?xml version="1.0" encoding="UTF-8"?>
<collection xmlns="http://www.loc.gov/MARC21/slim">
  <record>
    <leader>00000nam  2200000   4500</leader>
    <controlfield tag="001">INLIS000000000000766</controlfield>
    <controlfield tag="005">20180724140046</controlfield>
    <controlfield tag="008">180724|||||||||   |   |||   |||| ||   | </controlfield>
    <datafield tag="035" ind1=" " ind2=" ">
      <subfield code="0">010-0718000766</subfield>
    </datafield>
    <datafield tag="041" ind1=" " ind2=" ">
      <subfield code="a">id</subfield>
    </datafield>
    <datafield tag="082" ind1=" " ind2=" ">
      <subfield code="a">044</subfield>
    </datafield>
    <datafield tag="090" ind1=" " ind2=" ">
      <subfield code="a">R.044 PIM I 2015</subfield>
    </datafield>
    <datafield tag="100" ind1=" " ind2=" ">
      <subfield code="a">Winarni, Puji</subfield>
    </datafield>
    <datafield tag="245" ind1=" " ind2=" ">
      <subfield code="a">Meningkatkan Profesionalisme Aparatur Sipil Negara (ASN) Melalui Pembentukan Dan Pengembangan Jabatan Fungsional Standardisasi Dan Penilaian Kesesuaian (SPK).</subfield>
    </datafield>
    <datafield tag="260" ind1=" " ind2=" ">
      <subfield code="a">Jakarta</subfield>
      <subfield code="b">LAN Jakarta</subfield>
      <subfield code="c">2015</subfield>
    </datafield>
    <datafield tag="300" ind1=" " ind2=" ">
      <subfield code="a">24 hlm.;lamp</subfield>
    </datafield>
    <datafield tag="500" ind1=" " ind2=" ">
      <subfield code="a">Kementerian PAN dan RB menyetujui usulan Pembentukan Jabatan Fungsional Analis Standardisasi sebagai Jabatan Fungsional Keahlian pada rumpun Pengawas Kualitas dan Keamanan.  Jabatan tersebut bersifat terbuka, artinya berlaku di seluruh K/L  dan instansi daerah yang bergerak di bidang Standardisasi dan Penilaian Kesesuaian sebagai Jabatan Fungsional Keahlian, maka persyaratan pendidikan paling kurang Diploma IV/sarjana.</subfield>
    </datafield>
    <datafield tag="650" ind1=" " ind2=" ">
      <subfield code="a">Aparatur Sipil Negara</subfield>
    </datafield>
  </record>
</collection>
